000 00323nam a2200109Ia 4500
008 190216s9999||||xx |||||||||||||| ||und||
100 _aNaresh Jain
245 0 _aEntrance Examination Today Vol Iii Paper I Physics&Chemistry
260 _bCentral Board Of Secondary Education
650 _aReferences-Criticism
942 _cREF
999 _c35889
_d35889